00533nam a2200157Ia 4500008004100000020001800041082001900059110001900078245004600097260002300143300001000166500002200176650006400198952009600262999001700358120629s9999 xx 000 0 und d a84-494-1617-5 a371.30202 O15m aGrupo Océano aManual de la educación / Grupo Océano aEspaña: Océano a928 p aCD-ROM e índice a1. ENSEÑANZA-MANUALES, ETC. \ DIDACTICA-MANUALES, ETC.Ì 00104070a15b15d2006-06-13l0o371.30202 O15Mp15 000874r2017-12-07t1w2012-06-28yLB c74770d74770